00832cam a2200241 a 450000100100000000500170001000800410002704000290006808200150009710000410011224500690015326000330022230000270025549000150028250400300029765000360032765000290036383000220039291000340041404900090044895201180045799900150057500000883620200929161424.0930715s1982 pe a b 000 0 spa  aDO-SdBNPbspacLCdBNPHU a808bB826a1 aBravo, José Antonio,d1937-92339210aAportes para el estudio de la narrativa /cJosé Antonio Bravo. aLima :bParamonga,c[1982?]. a77 p. :bil. ;c21 cm.1 aPerulibros aBibliografías p. 72-77. 4aNarración (retórica)923393 4aLiteratura peruana93140 0aPerulibros923394 aCatalogación por copia / LC aBNGR 001052708MOaGRbGRcCTd2009-09-18iLF1l0o808 B826ap8836-10r2020-06-25w2020-06-25y2ZPréstamo interno c8605d8605